000
00278nam a22001097a 4500
008
230704b xxu||||| |||| 00| 0 eng d
082
_a
362.2
_b
INC 2007
245
_a
Narcotic Drugs stupefiants Estupefacientes
260
_a
New York
_b
UN
_c
2007
300
_a
350p
942
_2
ddc
_c
BK
999
_c
3858
_d
3858